01453 2200433 4500001002100000005001500021035002000036007000300056008004100059020002200100040002200122082001600144084001800160090002200178100004200200245019500242250002900437300003000466650002300496700003300519700003800552700002700590700002900617700002800646700003000674700002400704700003000728700002200758700003000780850001200810041001300822504003200835264003400867336002100901337003000922338002300952999002200975990002200997INLIS00000000087075120220610104835 a0010-0622000341ta220610s2022 yoi g ind d a978-623-261-386-7 aYOPDYOGbinderda04223a297.261 a297.261 AZH m aCB-D.11 2022-03490 aAzhari Aziz Samudrad1962-epengarang10aMenguak tabir tentang akal /cAzhari Aziz Samudra, Setia Budi, Tri Kurnia Dewi; penyunting, Erga Davic, Ladoni Amiro, Causa Prima, Maulana Putra, Sunarto, Ketut Maryono, Yanto, Hadi Suyatman aCetakan I, Februari 2022 axiv, 228 halaman ;c20 cm 4aIslam dan filsafat0 aSetia Budid1962-epengarang0 aTri Kurnia Dewid1952-epengarang0 aErga Davicepenyunting0 aLadoni Amiroepenyunting0 aCausa Primaepenyunting0 aMaulana Putraepenyunting0 aSunartoepenyunting0 aKetut Maryonoepenyunting0 aYantoepenyunting0 aHadi Suyatmanepenyunting aYOPDYOG aindgara aBibliografi halaman 223-22431aBantul :bSamudra Biru,c2022 2rdacontentateks 2rdamediaatanpa perantara 2rdacarrieravolume aCB-D.11/2022-0349 aCB-D.11/2022-0349